[Event "Olympiad-31"]
[Site "Moscow"]
[Date "1994.12.05"]
[Round "5.1"]
[White "Marin, Mihail"]
[Black "Adianto, Utut"]
[Result "1/2-1/2"]
[WhiteElo "2520"]
[BlackElo "2520"]
[Annotator "Shirov,A"]
[PlyCount "107"]
[EventDate "1994.12.01"]
[EventType "team-swiss"]
[EventRounds "14"]
[EventCountry "RUS"]
[SourceTitle "CBM 045"]
[Source "ChessBase"]
[SourceDate "1995.04.01"]
[SourceVersion "1"]
[SourceVersionDate "1995.04.01"]
[SourceQuality "1"]
[WhiteTeam "Romania"]
[BlackTeam "Indonesia"]
[WhiteTeamCountry "ROU"]
[BlackTeamCountry "INA"]

1. d4 d5 2. c4 e6 3. Nf3 c6 4. g3 Nf6 (4... dxc4) 5. Bg2 Be7 (5... dxc4 6. Ne5
$14) 6. O-O O-O 7. Qc2 Nbd7 8. b3 b6 9. Rd1 Bb7 10. Nc3 Rc8 11. e4 h6 (11... c5
$5) (11... Nxe4) (11... dxe4) (11... Ba8 12. Bb2 (12. e5 Ne8 13. h4 h6 14. Be3
Nc7 15. Ne2 c5 $1 16. dxc5 Bxc5 17. Bxc5 bxc5 18. Nf4 Qe7 $10 {Poldauf,
D-Zagrebelny,S/Groningen/1993/}) 12... Qc7 $6 (12... h6 $32) 13. e5 Ne8 14.
Rac1 Qb8 (14... c5 $1) 15. cxd5 cxd5 16. Nxd5 $3 Rxc2 $8 17. Nxe7+ Kh8 18. Rxc2
$16 {Adamski,J-Butnorius,A/POL/1977/}) 12. e5 $1 {N/} (12. Bb2 Qc7 (12... Ba8
$5) 13. e5 Ne8 14. Rac1 Qb8 15. cxd5 cxd5 16. Qd2 Nc7 17. h4 b5 18. Ne2 b4 19.
Nf4 Nb5 20. Bh3 $14 {Kirov,N-Nuss,A/Bern/1988/}) 12... Ne8 13. h4 Nc7 14. Bf4
$1 {/\Nh2-g4,Bh6/} Re8 (14... c5 15. dxc5 dxc4 $2 16. c6 Bxc6 17. Ng5 hxg5 18.
Bxc6 gxf4 19. Rxd7 Qe8 20. Rxc7 $18) 15. Nh2 Bf8 16. Ng4 Qe7 17. Qe2 Red8 18.
Rac1 $16 c5 $6 (18... Ba8 $5) 19. dxc5 $1 (19. cxd5 Nxd5 20. Nxd5 Bxd5 21. Bxd5
exd5 22. dxc5 Rxc5 $14) 19... Nxc5 20. Bxh6 $1 Ne8 (20... gxh6 21. Nf6+ Kh8 22.
Qc2 Ne4 $8 23. Ncxe4 dxe4 24. Bxe4 Bxe4 25. Qxe4 $18) 21. Bg5 (21. cxd5 $5 gxh6
(21... exd5 22. Bg5 f6 23. exf6 $18) 22. b4 $1 $36) 21... f6 22. Be3 (22. Bf4
$1) 22... Ba6 $5 23. exf6 (23. Nb5 $36) 23... gxf6 24. Qc2 dxc4 (24... f5 25.
Bg5) 25. Qg6+ Kh8 $8 (25... Qg7 $2 26. Nh6+ Kh8 27. Nf7+ $18) 26. Bxc5 bxc5 $1
(26... Rxc5 $2 27. Rxd8 Qxd8 28. Ne4 $18) 27. Ne4 Qg7 (27... f5 28. Ng5 $18)
28. Qh5+ Kg8 29. Ne3 (29. bxc4 f5 $2 (29... Rxd1+ 30. Rxd1 f5 31. Rd7 $18) (
29... Rd4 $32) 30. Rxd8 Rxd8 31. Ng5 fxg4 32. Nxe6 Qe7 33. Nxd8 Qxd8 34. Bd5+
$18) 29... cxb3 30. axb3 Rxd1+ $2 (30... Qf7 $5 $17) 31. Rxd1 Bb7 32. Bh3 Qe7 (
32... f5 33. Nxf5 exf5 34. Bxf5 $18) (32... Qf7 33. Qg4+ Ng7 34. Rd7 $18) 33.
Qg4+ Kh8 (33... Kf7 34. h5 Bxe4 35. Qxe4 $18) 34. Qxe6 Qxe6 35. Bxe6 $18 Rb8
36. Bd5 Bc8 (36... Bxd5 37. Rxd5 Rxb3 38. Rd8) 37. Rc1 f5 38. Nxc5 f4 39. Ng2 (
39. gxf4 Bh6 40. Nd3 $18) 39... fxg3 40. fxg3 Nf6 41. Bf3 Bd6 42. Nf4 Bf5 (
42... Rb5 $2 43. Ne4) 43. Kg2 Rb5 44. Nfe6 Ra5 $1 (44... Bxe6 45. Nxe6 Rxb3 $16
) 45. Nd4 Ra2+ (45... Bxc5 46. Nxf5 $18) 46. Ne2 a5 47. Nb7 (47. Rc4 $5) 47...
Bb4 48. Nd8 Bd3 49. Kf2 Bxe2 50. Bxe2 Ng4+ $10 51. Kf1 Ne3+ 52. Kf2 Ng4+ 53.
Kf1 Ne3+ 54. Kf2 1/2-1/2